[Event "2014 IM Norm Tournament"]
[Site "?"]
[Date "2014.11.23"]
[Round "5.2"]
[White "Hua, David"]
[Black "Bobula, Mateusz"]
[Result "1/2-1/2"]
[LiveChessVersion "1.4.4"]
[BlackElo "2368"]
[WhiteElo "2353"]

1. c4 {[%clk 1:30:57]} c6 {[%clk 1:29:06]} 2. e4 {[%clk 1:30:59]} d5
{[%clk 1:29:30]} 3. cxd5 {[%clk 1:31:16]} cxd5 {[%clk 1:29:54]} 4. exd5
{[%clk 1:31:42]} Nf6 {[%clk 1:29:14]} 5. Qa4+ {[%clk 1:31:51]} Nbd7
{[%clk 1:28:52]} 6. Nc3 {[%clk 1:32:15]} g6 {[%clk 1:26:29]} 7. Nf3
{[%clk 1:32:14]} Bg7 {[%clk 1:26:26]} 8. Qb3 {[%clk 1:32:34]} O-O
{[%clk 1:25:50]} 9. Bc4 {[%clk 1:32:34]} Nc5 {[%clk 1:17:55]} 10. Qa3
{[%clk 1:26:50]} b6 {[%clk 1:16:14]} 11. d4 {[%clk 1:08:28]} Nce4
{[%clk 1:15:42]} 12. Nxe4 {[%clk 0:53:43]} Nxe4 {[%clk 1:16:03]} 13. Qd3
{[%clk 0:53:57]} Nf6 {[%clk 1:10:41]} 14. Ne5 {[%clk 0:51:48]} Bb7
{[%clk 1:10:54]} 15. Nc6 {[%clk 0:51:15]} Qd6 {[%clk 1:09:22]} 16. Qf3
{[%clk 0:34:58]} Bxc6 {[%clk 1:04:27]} 17. dxc6 {[%clk 0:35:21]} Rac8
{[%clk 1:04:45]} 18. O-O {[%clk 0:32:40]} Qxc6 {[%clk 1:03:45]} 19. Qxc6
{[%clk 0:32:30]} Rxc6 {[%clk 1:03:37]} 20. Bb3 {[%clk 0:31:33]} Rd8
{[%clk 0:59:57]} 21. Be3 {[%clk 0:30:39]} Ne8 {[%clk 0:59:04]} 22. d5
{[%clk 0:26:26]} Rcd6 {[%clk 0:58:43]} 23. Rae1 {[%clk 0:24:26]} Bxb2
{[%clk 0:53:32]} 24. Bf4 {[%clk 0:21:46]} R6d7 {[%clk 0:53:44]} 25. Ba4
{[%clk 0:21:58]} Rxd5 {[%clk 0:51:43]} 26. Rxe7 {[%clk 0:22:21]} Rd4
{[%clk 0:51:06]} 27. Rxe8+ {[%clk 0:21:55]} Rxe8 {[%clk 0:50:31]} 28. Bxe8
{[%clk 0:22:23]} Rxf4 {[%clk 0:50:55]} 29. g3 {[%clk 0:21:20]} Re4
{[%clk 0:45:08]} 30. Bc6 {[%clk 0:19:37]} Rc4 {[%clk 0:42:53]} 31. Bd5
{[%clk 0:19:35]} Rd4 {[%clk 0:41:11]} 32. Bb3 {[%clk 0:19:56]} b5
{[%clk 0:41:18]} 33. Rd1 {[%clk 0:18:14]} a5 {[%clk 0:41:45]} 34. Rxd4
{[%clk 0:17:24]} Bxd4 {[%clk 0:42:13]} 35. Bd5 {[%clk 0:16:19]} Kf8
{[%clk 0:42:23]} 36. Bc6 {[%clk 0:16:43]} b4 {[%clk 0:42:51]} 37. Kf1
{[%clk 0:16:56]} Ke7 {[%clk 0:43:20]} 38. Ke2 {[%clk 0:17:21]} Kd6
{[%clk 0:43:42]} 39. Be8 {[%clk 0:17:03]} f6 {[%clk 0:44:09]} 40. f3
{[%clk 0:17:25]} Ke5 {[%clk 0:44:18]} 41. f4+ {[%clk 0:11:09]} Kd5
{[%clk 0:43:51]} 42. h4 {[%clk 0:10:54]} Bg1 {[%clk 0:43:47]} 43. Kf3
{[%clk 0:10:52]} Kd4 {[%clk 0:43:48]} 44. f5 {[%clk 0:09:21]} gxf5
{[%clk 0:42:13]} 45. Kf4 {[%clk 0:09:47]} Kc3 {[%clk 0:42:26]} 46. Kxf5
{[%clk 0:09:48]} Kb2 {[%clk 0:42:13]} 47. Bf7 {[%clk 0:10:13]} Bd4
{[%clk 0:42:15]} 48. g4 {[%clk 0:10:36]} a4 {[%clk 0:42:13]} 49. g5
{[%clk 0:11:01]} fxg5 {[%clk 0:42:03]} 50. hxg5 {[%clk 0:10:01]} Bg7
{[%clk 0:42:19]} 51. Bd5 {[%clk 0:09:04]} Kc3 {[%clk 0:42:21]} 52. g6
{[%clk 0:08:01]} h6 {[%clk 0:42:36]} 53. Kg4 {[%clk 0:08:22]} Kd4
{[%clk 0:43:01]} 54. Bf7 {[%clk 0:08:33]} Ke5 {[%clk 0:43:13]} 55. Kh3
{[%clk 0:08:46]} Kf5 {[%clk 0:43:38]} 56. Kg3 {[%clk 0:09:06]} Be5+
{[%clk 0:44:03]} 57. Kh3 {[%clk 0:08:55]} Kg5 {[%clk 0:44:29]} 58. g7
{[%clk 0:08:17]} Bxg7 {[%clk 0:44:54]} 59. Bg8 {[%clk 0:08:35]} Kf5
{[%clk 0:45:05]} 60. Bf7 {[%clk 0:08:58]} Ke5 1/2-1/2

[Event "2014 IM Norm Tournament"]
[Site "?"]
[Date "2014.11.23"]
[Round "5.3"]
[White "Aripov, Iskandar"]
[Black "Brown, Michael"]
[Result "0-1"]
[LiveChessVersion "1.4.4"]
[BlackElo "2319"]
[WhiteElo "2225"]

1. Nf3 {[%clk 1:30:49]} Nf6 {[%clk 1:30:48]} 2. c4 {[%clk 1:31:10]} e6
{[%clk 1:31:06]} 3. Nc3 {[%clk 1:31:21]} d5 {[%clk 1:31:09]} 4. d4
{[%clk 1:26:04]} Bb4 {[%clk 1:30:58]} 5. cxd5 {[%clk 1:14:40]} exd5
{[%clk 1:31:01]} 6. Bg5 {[%clk 1:11:25]} Nbd7 {[%clk 1:30:47]} 7. e3
{[%clk 1:11:02]} c5 {[%clk 1:30:44]} 8. Bb5 {[%clk 1:06:38]} Qa5 {[%clk 1:18:03]}
9. Bxd7+ {[%clk 0:57:28]} Nxd7 {[%clk 1:17:50]} 10. O-O {[%clk 0:57:02]} c4
{[%clk 1:09:55]} 11. Qc2 {[%clk 0:38:09]} O-O {[%clk 1:06:36]} 12. Bh4
{[%clk 0:36:27]} Nb6 {[%clk 0:54:40]} 13. Ne2 {[%clk 0:30:30]} f6
{[%clk 0:49:58]} 14. a3 {[%clk 0:29:34]} Be7 {[%clk 0:48:24]} 15. Nc3
{[%clk 0:28:36]} Re8 {[%clk 0:43:51]} 16. b4 {[%clk 0:26:18]} cxb3
{[%clk 0:42:43]} 17. Qxb3 {[%clk 0:26:41]} Be6 {[%clk 0:40:02]} 18. e4
{[%clk 0:21:15]} Rac8 {[%clk 0:36:12]} 19. Rfc1 {[%clk 0:16:38]} Rc6
{[%clk 0:33:00]} 20. Nxd5 {[%clk 0:08:17]} Rxc1+ {[%clk 0:31:19]} 21. Rxc1
{[%clk 0:08:45]} Nxd5 {[%clk 0:30:40]} 22. exd5 {[%clk 0:07:42]} Bxd5
{[%clk 0:30:19]} 23. Qe3 {[%clk 0:05:59]} Qxa3 {[%clk 0:29:22]} 24. Rc3
{[%clk 0:04:18]} Qa4 {[%clk 0:29:28]} 25. Qd3 {[%clk 0:03:48]} Qa1+
{[%clk 0:29:41]} 0-1

[Event "2014 IM Norm Tournament"]
[Site "?"]
[Date "2014.11.23"]
[Round "5.4"]
[White "Burnett, Ronald"]
[Black "Kavutskiy, Konstantin"]
[Result "0-1"]
[LiveChessVersion "1.4.4"]
[BlackElo "2368"]
[WhiteElo "2358"]

1. d4 {[%clk 1:30:50]} Nf6 {[%clk 1:30:55]} 2. Nf3 {[%clk 1:31:00]} e6
{[%clk 1:31:17]} 3. c4 {[%clk 1:30:26]} Bb4+ {[%clk 1:30:58]} 4. Nbd2
{[%clk 1:30:40]} O-O {[%clk 1:31:20]} 5. a3 {[%clk 1:30:55]} Be7 {[%clk 1:31:40]}
6. e4 {[%clk 1:30:55]} d6 {[%clk 1:32:05]} 7. Qc2 {[%clk 1:28:54]} Nbd7
{[%clk 1:32:02]} 8. e5 {[%clk 1:03:30]} dxe5 {[%clk 1:30:22]} 9. dxe5
{[%clk 1:03:38]} Ng4 {[%clk 1:28:24]} 10. Qc3 {[%clk 1:03:23]} f6
{[%clk 1:26:50]} 11. exf6 {[%clk 1:03:44]} Bxf6 {[%clk 1:26:52]} 12. Qc2
{[%clk 1:04:01]} Nc5 {[%clk 1:17:57]} 13. h3 {[%clk 1:01:35]} Ne5
{[%clk 1:15:13]} 14. Nxe5 {[%clk 1:00:35]} Bxe5 {[%clk 1:15:38]} 15. Nf3
{[%clk 1:00:23]} Rxf3 {[%clk 1:05:36]} 16. gxf3 {[%clk 1:00:16]} Qf6
{[%clk 1:04:12]} 17. Rg1 {[%clk 1:00:18]} Bd7 {[%clk 0:45:30]} 18. a4
{[%clk 0:42:51]} Bc6 {[%clk 0:35:26]} 19. Ra3 {[%clk 0:42:37]} Bxf3
{[%clk 0:31:41]} 20. Bg5 {[%clk 0:37:00]} Qf8 {[%clk 0:30:00]} 21. Re3
{[%clk 0:20:34]} Bd4 {[%clk 0:24:56]} 22. Bh6 {[%clk 0:20:04]} Ne4
{[%clk 0:19:23]} 23. Be2 {[%clk 0:15:39]} Qb4+ {[%clk 0:18:32]} 24. Kd1
{[%clk 0:14:46]} Nxf2+ {[%clk 0:16:42]} 25. Kc1 {[%clk 0:15:07]} Bxe3+
{[%clk 0:16:56]} 26. Bxe3 {[%clk 0:15:11]} Be4 {[%clk 0:16:19]} 27. Qd2
{[%clk 0:15:06]} Qxa4 {[%clk 0:13:40]} 28. Rxg7+ {[%clk 0:14:06]} Kxg7
{[%clk 0:12:31]} 29. Qc3+ {[%clk 0:14:30]} Kg8 {[%clk 0:12:31]} 30. Bxf2
{[%clk 0:14:48]} Rd8 {[%clk 0:12:08]} 0-1

[Event "2014 IM Norm Tournament"]
[Site "?"]
[Date "2014.11.23"]
[Round "5.5"]
[White "De Rosa, Mariagrazia"]
[Black "Ross, David"]
[Result "0-1"]
[LiveChessVersion "1.4.4"]
[BlackElo "2303"]
[WhiteElo "2126"]

1. d4 {[%clk 1:30:30]} b6 {[%clk 1:30:02]} 2. e4 {[%clk 1:30:29]} Bb7
{[%clk 1:30:25]} 3. Bd3 {[%clk 1:27:59]} e6 {[%clk 1:30:38]} 4. Nf3
{[%clk 1:25:33]} c5 {[%clk 1:30:22]} 5. c3 {[%clk 1:25:05]} Nf6 {[%clk 1:29:48]}
6. Qe2 {[%clk 1:24:24]} Be7 {[%clk 1:28:18]} 7. O-O {[%clk 1:21:42]} Nc6
{[%clk 1:27:47]} 8. a3 {[%clk 1:19:54]} Na5 {[%clk 1:24:23]} 9. Nbd2
{[%clk 1:15:18]} c4 {[%clk 1:24:34]} 10. Bc2 {[%clk 1:15:14]} Rc8
{[%clk 1:15:49]} 11. Rb1 {[%clk 1:04:02]} h6 {[%clk 1:14:48]} 12. Ne1
{[%clk 0:54:42]} Qc7 {[%clk 1:04:42]} 13. f4 {[%clk 0:53:39]} Nb3
{[%clk 1:04:49]} 14. Nxb3 {[%clk 0:49:07]} cxb3 {[%clk 1:05:17]} 15. Bd3
{[%clk 0:49:20]} Qc6 {[%clk 0:58:40]} 16. e5 {[%clk 0:48:09]} Nh7
{[%clk 0:53:12]} 17. Nf3 {[%clk 0:47:15]} f5 {[%clk 0:52:14]} 18. exf6
{[%clk 0:45:28]} gxf6 {[%clk 0:51:10]} 19. Bd2 {[%clk 0:39:07]} Nf8
{[%clk 0:46:46]} 20. Rbe1 {[%clk 0:39:16]} Rg8 {[%clk 0:46:53]} 21. f5
{[%clk 0:34:01]} Qd6 {[%clk 0:41:09]} 22. Be4 {[%clk 0:22:19]} Bxe4
{[%clk 0:34:34]} 23. Qxe4 {[%clk 0:22:46]} h5 {[%clk 0:34:56]} 24. Qh4
{[%clk 0:18:44]} Rh8 {[%clk 0:34:59]} 25. Bf4 {[%clk 0:17:46]} Qd5
{[%clk 0:34:46]} 26. g4 {[%clk 0:15:06]} Rh7 {[%clk 0:34:17]} 27. fxe6
{[%clk 0:10:33]} dxe6 {[%clk 0:34:29]} 28. g5 {[%clk 0:09:48]} Ng6
{[%clk 0:32:40]} 29. Qg3 {[%clk 0:09:42]} h4 {[%clk 0:32:56]} 30. Nxh4
{[%clk 0:08:43]} Rxh4 {[%clk 0:22:24]} 31. gxf6 {[%clk 0:08:32]} Nxf4
{[%clk 0:18:14]} 32. Rxf4 {[%clk 0:06:33]} Rxf4 {[%clk 0:18:22]} 33. fxe7
{[%clk 0:05:52]} Qf5 {[%clk 0:16:42]} 34. Qg8+ {[%clk 0:04:31]} Kxe7
{[%clk 0:16:00]} 0-1

[Event "2014 IM Norm Tournament"]
[Site "?"]
[Date "2014.11.23"]
[Round "6.1"]
[White "Young, Angelo"]
[Black "Ross, David"]
[Result "1/2-1/2"]
[LiveChessVersion "1.4.4"]
[BlackElo "2303"]
[WhiteElo "2300"]

1. Nf3 {[%clk 1:30:58]} d5 {[%clk 1:29:31]} 2. g3 {[%clk 1:30:47]} Nf6
{[%clk 1:28:12]} 3. Bg2 {[%clk 1:31:09]} e6 {[%clk 1:25:29]} 4. O-O
{[%clk 1:31:20]} Be7 {[%clk 1:25:18]} 5. d3 {[%clk 1:25:18]} c5 {[%clk 1:24:23]}
6. c3 {[%clk 1:17:12]} Nc6 {[%clk 1:24:10]} 7. a3 {[%clk 1:16:54]} O-O
{[%clk 1:20:12]} 8. b4 {[%clk 1:15:10]} b6 {[%clk 1:14:55]} 9. Nbd2
{[%clk 1:08:34]} Bb7 {[%clk 1:12:49]} 10. Rb1 {[%clk 0:59:11]} Qc7
{[%clk 1:12:19]} 11. Qb3 {[%clk 0:57:37]} Rac8 {[%clk 1:07:29]} 12. Bb2
{[%clk 0:55:45]} Ba8 {[%clk 0:59:49]} 13. Rfe1 {[%clk 0:54:03]} Rfd8
{[%clk 0:55:02]} 14. d4 {[%clk 0:37:24]} h6 {[%clk 0:45:02]} 15. Rbd1
{[%clk 0:30:59]} Ne4 {[%clk 0:41:50]} 1/2-1/2

[Event "2014 IM Norm Tournament"]
[Site "?"]
[Date "2014.11.23"]
[Round "6.2"]
[White "Kavutskiy, Konstantin"]
[Black "De Rosa, Mariagrazia"]
[Result "1-0"]
[LiveChessVersion "1.4.4"]
[BlackElo "2126"]
[WhiteElo "2368"]

1. e4 {[%clk 1:30:58]} c5 {[%clk 1:30:42]} 2. Nf3 {[%clk 1:31:21]} d6
{[%clk 1:27:28]} 3. d4 {[%clk 1:31:43]} cxd4 {[%clk 1:27:53]} 4. Nxd4
{[%clk 1:32:08]} Nf6 {[%clk 1:28:15]} 5. Nc3 {[%clk 1:32:34]} a6 {[%clk 1:27:07]}
6. h3 {[%clk 1:32:58]} e6 {[%clk 1:25:31]} 7. g4 {[%clk 1:33:21]} h6
{[%clk 1:25:55]} 8. Bg2 {[%clk 1:33:45]} Qc7 {[%clk 1:25:50]} 9. Be3
{[%clk 1:33:48]} Nc6 {[%clk 1:25:35]} 10. f4 {[%clk 1:34:04]} Nxd4
{[%clk 1:23:11]} 11. Bxd4 {[%clk 1:34:17]} e5 {[%clk 1:22:40]} 12. Be3
{[%clk 1:34:28]} exf4 {[%clk 1:22:17]} 13. Bxf4 {[%clk 1:34:49]} Be6
{[%clk 1:22:18]} 14. Qe2 {[%clk 1:33:34]} Nd7 {[%clk 1:16:32]} 15. O-O-O
{[%clk 1:31:44]} Be7 {[%clk 1:14:09]} 16. Nd5 {[%clk 1:31:27]} Bxd5
{[%clk 1:14:17]} 17. exd5 {[%clk 1:31:52]} Ne5 {[%clk 1:13:50]} 18. Bxe5
{[%clk 1:31:19]} dxe5 {[%clk 1:14:14]} 19. h4 {[%clk 1:31:44]} Rc8
{[%clk 1:03:50]} 20. Kb1 {[%clk 1:29:30]} Bd6 {[%clk 1:02:22]} 21. Be4
{[%clk 1:27:48]} Qc4 {[%clk 0:53:27]} 22. Qf3 {[%clk 1:25:00]} b5
{[%clk 0:50:57]} 23. Rhf1 {[%clk 1:20:28]} Rc7 {[%clk 0:49:26]} 24. Qg2
{[%clk 1:13:11]} a5 {[%clk 0:47:41]} 25. Bd3 {[%clk 1:03:31]} Qc5
{[%clk 0:45:27]} 26. g5 {[%clk 1:03:36]} h5 {[%clk 0:42:00]} 27. g6
{[%clk 1:01:28]} f6 {[%clk 0:41:25]} 28. Qh3 {[%clk 1:01:23]} Re7
{[%clk 0:41:01]} 29. Bxb5+ {[%clk 1:00:24]} Kd8 {[%clk 0:40:18]} 30. Bc6
{[%clk 0:59:18]} Kc7 {[%clk 0:39:24]} 31. Rf3 {[%clk 0:58:32]} Rb8
{[%clk 0:38:11]} 32. Rc3 {[%clk 0:54:08]} Qf2 {[%clk 0:37:38]} 33. Bb5+
{[%clk 0:51:43]} Kd8 {[%clk 0:34:09]} 34. Rc6 {[%clk 0:49:19]} Bc5
{[%clk 0:27:02]} 35. d6 {[%clk 0:49:30]} 1-0

[Event "2014 IM Norm Tournament"]
[Site "?"]
[Date "2014.11.23"]
[Round "6.3"]
[White "Brown, Michael"]
[Black "Burnett, Ronald"]
[Result "1/2-1/2"]
[LiveChessVersion "1.4.4"]
[BlackElo "2358"]
[WhiteElo "2319"]

1. d4 {[%clk 1:30:56]} e6 {[%clk 1:30:51]} 2. c4 {[%clk 1:31:21]} b6
{[%clk 1:31:13]} 3. Nc3 {[%clk 1:31:40]} Bb7 {[%clk 1:31:37]} 4. a3
{[%clk 1:29:18]} f5 {[%clk 1:30:35]} 5. d5 {[%clk 1:28:57]} Na6 {[%clk 1:30:58]}
6. g3 {[%clk 1:27:33]} Nf6 {[%clk 1:30:58]} 7. Bg2 {[%clk 1:27:44]} Bd6
{[%clk 1:28:51]} 8. Nh3 {[%clk 1:24:30]} c6 {[%clk 1:28:47]} 9. O-O
{[%clk 1:20:27]} Be5 {[%clk 1:15:33]} 10. dxe6 {[%clk 1:09:33]} dxe6
{[%clk 1:11:45]} 11. Qc2 {[%clk 1:07:09]} O-O {[%clk 1:11:37]} 12. Nf4
{[%clk 1:02:25]} Qe7 {[%clk 1:10:53]} 13. Nd3 {[%clk 1:02:05]} Bd4
{[%clk 1:04:31]} 14. e3 {[%clk 0:55:38]} Bxc3 {[%clk 1:02:36]} 15. Qxc3
{[%clk 0:56:03]} Ne4 {[%clk 0:54:43]} 16. Qc2 {[%clk 0:53:59]} c5
{[%clk 0:49:47]} 17. b3 {[%clk 0:50:52]} Ng5 {[%clk 0:48:04]} 18. Ne5
{[%clk 0:49:54]} Bxg2 {[%clk 0:39:01]} 19. Kxg2 {[%clk 0:50:09]} Nb8
{[%clk 0:39:07]} 20. Bb2 {[%clk 0:45:48]} Nd7 {[%clk 0:36:29]} 21. Rad1
{[%clk 0:38:30]} Nxe5 {[%clk 0:32:54]} 22. Bxe5 {[%clk 0:38:41]} Qb7+
{[%clk 0:32:28]} 23. f3 {[%clk 0:38:54]} Rad8 {[%clk 0:32:48]} 24. h4
{[%clk 0:34:24]} Rxd1 {[%clk 0:32:09]} 25. Qxd1 {[%clk 0:34:35]} Nf7
{[%clk 0:32:28]} 26. Qa1 {[%clk 0:33:48]} Nxe5 {[%clk 0:24:06]} 27. Qxe5
{[%clk 0:33:57]} Qd7 {[%clk 0:24:27]} 28. e4 {[%clk 0:31:03]} Re8
{[%clk 0:23:01]} 29. Rf2 {[%clk 0:26:28]} Rd8 {[%clk 0:21:18]} 30. exf5
{[%clk 0:25:56]} exf5 {[%clk 0:21:45]} 31. Re2 {[%clk 0:25:40]} Kf7
{[%clk 0:21:19]} 32. a4 {[%clk 0:20:54]} Re8 {[%clk 0:19:45]} 33. Qxe8+
{[%clk 0:20:10]} Qxe8 {[%clk 0:20:09]} 34. Rxe8 {[%clk 0:20:38]} Kxe8
{[%clk 0:20:33]} 35. Kf2 {[%clk 0:18:26]} Ke7 {[%clk 0:20:50]} 36. Ke3
{[%clk 0:18:39]} Kf6 {[%clk 0:20:56]} 37. Kf4 {[%clk 0:17:49]} g6
{[%clk 0:19:33]} 38. Ke3 {[%clk 0:14:09]} g5 {[%clk 0:19:49]} 39. f4
{[%clk 0:13:01]} gxh4 {[%clk 0:18:18]} 40. gxh4 {[%clk 0:13:30]} Ke6
{[%clk 0:18:27]} 41. Kd3 {[%clk 0:10:59]} Kd6 {[%clk 0:18:44]} 42. Kc3
{[%clk 0:11:18]} Kc7 {[%clk 0:19:02]} 43. Kc2 {[%clk 0:11:18]} Kb7
{[%clk 0:19:19]} 44. Kc3 {[%clk 0:11:36]} h5 {[%clk 0:17:08]} 45. Kb2
{[%clk 0:04:52]} Ka6 {[%clk 0:17:16]} 46. Ka2 {[%clk 0:05:10]} Kb7
{[%clk 0:12:17]} 47. Kb2 {[%clk 0:05:32]} Kc7 {[%clk 0:11:37]} 48. Ka2
{[%clk 0:05:40]} Kb7 {[%clk 0:11:59]} 1/2-1/2

[Event "2014 IM Norm Tournament"]
[Site "?"]
[Date "2014.11.23"]
[Round "6.4"]
[White "Bobula, Mateusz"]
[Black "Aripov, Iskandar"]
[Result "1/2-1/2"]
[LiveChessVersion "1.4.4"]
[BlackElo "2225"]
[WhiteElo "2368"]

1. d4 {[%clk 1:30:56]} d5 {[%clk 1:30:54]} 2. c4 {[%clk 1:31:13]} c6
{[%clk 1:31:20]} 3. e3 {[%clk 1:31:15]} Nf6 {[%clk 1:31:14]} 4. Nc3
{[%clk 1:31:30]} e6 {[%clk 1:31:23]} 5. Nf3 {[%clk 1:31:49]} Nbd7
{[%clk 1:31:48]} 6. Bd3 {[%clk 1:31:55]} dxc4 {[%clk 1:32:10]} 7. Bxc4
{[%clk 1:32:21]} b5 {[%clk 1:32:36]} 8. Bd3 {[%clk 1:32:31]} a6 {[%clk 1:33:00]}
9. e4 {[%clk 1:32:23]} c5 {[%clk 1:33:22]} 10. e5 {[%clk 1:32:30]} cxd4
{[%clk 1:33:45]} 11. Nxb5 {[%clk 1:32:36]} axb5 {[%clk 1:33:55]} 12. exf6
{[%clk 1:32:49]} gxf6 {[%clk 1:34:15]} 13. O-O {[%clk 1:30:06]} Qb6
{[%clk 1:34:04]} 14. Qe2 {[%clk 1:29:09]} Bb7 {[%clk 1:32:58]} 15. Bf4
{[%clk 1:29:13]} Rg8 {[%clk 1:20:50]} 16. Bg3 {[%clk 1:28:37]} Bd6
{[%clk 1:11:40]} 17. Bxh7 {[%clk 1:24:11]} Rg7 {[%clk 0:58:35]} 18. Be4
{[%clk 1:24:22]} Bxg3 {[%clk 0:52:51]} 19. hxg3 {[%clk 1:24:28]} d3
{[%clk 0:46:21]} 20. Bxd3 {[%clk 1:21:22]} Rxg3 {[%clk 0:45:31]} 21. Be4
{[%clk 1:19:14]} Rg4 {[%clk 0:39:00]} 22. Nd2 {[%clk 1:12:30]} Ne5
{[%clk 0:34:22]} 23. Bxb7 {[%clk 1:09:02]} Qxb7 {[%clk 0:34:42]} 24. f3
{[%clk 1:09:08]} Qb6+ {[%clk 0:33:05]} 25. Qf2 {[%clk 0:55:37]} Qxf2+
{[%clk 0:33:18]} 26. Rxf2 {[%clk 0:55:45]} Rga4 {[%clk 0:32:33]} 27. Ne4
{[%clk 0:50:19]} Rxa2 {[%clk 0:29:32]} 1/2-1/2

[Event "2014 IM Norm Tournament"]
[Site "?"]
[Date "2014.11.23"]
[Round "6.5"]
[White "Vibbert, Sean"]
[Black "Hua, David"]
[Result "1-0"]
[LiveChessVersion "1.4.4"]
[BlackElo "2353"]
[WhiteElo "2316"]

1. e4 {[%clk 1:30:30]} e6 {[%clk 1:30:30]} 2. Nc3 {[%clk 1:30:30]} d5
{[%clk 1:30:30]} 3. d4 {[%clk 1:30:30]} Nf6 {[%clk 1:30:30]} 4. Bg5
{[%clk 1:28:54]} dxe4 {[%clk 1:30:47]} 5. Nxe4 {[%clk 1:28:45]} Be7
{[%clk 1:31:12]} 6. Nxf6+ {[%clk 1:26:02]} Bxf6 {[%clk 1:31:30]} 7. Bxf6
{[%clk 1:26:25]} Qxf6 {[%clk 1:31:55]} 8. Nf3 {[%clk 1:26:01]} O-O
{[%clk 1:31:07]} 9. c3 {[%clk 1:25:32]} b6 {[%clk 1:30:12]} 10. Bd3
{[%clk 1:22:31]} Bb7 {[%clk 1:29:55]} 11. Qc2 {[%clk 1:18:33]} Bxf3
{[%clk 1:25:59]} 12. gxf3 {[%clk 1:18:50]} h6 {[%clk 1:23:19]} 13. Be4
{[%clk 1:18:41]} c6 14. Qd2 a5 {[%clk 1:06:35]} 15. Rg1 {[%clk 1:13:34]} a4
{[%clk 0:53:46]} 16. a3 {[%clk 1:13:24]} Ra5 {[%clk 0:50:42]} 17. O-O-O
{[%clk 1:12:51]} Rd8 {[%clk 0:49:07]} 18. Rg3 {[%clk 1:10:14]} Kf8
{[%clk 0:44:40]} 19. Rdg1 {[%clk 1:08:17]} g5 {[%clk 0:32:36]} 20. h4
{[%clk 1:06:10]} c5 {[%clk 0:22:25]} 21. hxg5 {[%clk 1:05:07]} hxg5
{[%clk 0:22:51]} 22. Rxg5 {[%clk 1:05:01]} cxd4 {[%clk 0:20:30]} 23. Rg8+
{[%clk 1:04:48]} Ke7 {[%clk 0:20:58]} 24. Rxd8 {[%clk 1:04:59]} Kxd8
{[%clk 0:21:26]} 25. Rg8+ {[%clk 1:05:03]} Kc7 {[%clk 0:21:52]} 26. cxd4
{[%clk 1:05:10]} Nd7 {[%clk 0:14:20]} 27. Qc3+ {[%clk 1:05:24]} Kd6
{[%clk 0:14:18]} 28. Kb1 {[%clk 1:05:34]} e5 {[%clk 0:12:38]} 29. Re8
{[%clk 1:04:52]} Kd5 1-0